Cách mạng công nghiệp lần thứ Tư: Cơ hội và thách thức đối với ngân hàng của Pháp và một số khuyến nghị đối với Việt Nam /

Salvato in:
Dettagli Bibliografici
Autore principale: Đào Trọng Hiếu.
Natura: Articolo
Lingua:Vietnamese
Soggetti:
Tags: Aggiungi Tag
Nessun Tag, puoi essere il primo ad aggiungerne! !
Thư viện lưu trữ: Thư viện Trường Đại học Đà Lạt
LEADER 01003nam a2200289 4500
001 DLU210196669
005 ##20210629
040 # # |a DLU  |b vie 
041 # # |a vie 
044 # # |a vn 
100 # # |a Đào Trọng Hiếu. 
245 # # |a Cách mạng công nghiệp lần thứ Tư: Cơ hội và thách thức đối với ngân hàng của Pháp và một số khuyến nghị đối với Việt Nam /  |c Đào Trọng Hiếu. 
653 # # |a Cách mạng công nghiệp 4.0 
653 # # |a Hoạch định chính sách 
653 # # |a Ngân hàng 
653 # # |a Pháp 
773 # # |t Nghiên cứu Châu Âu  |g Số 8(227), 2019, tr. 72-81 
920 # # |a Phòng Tạp chí -- Trung tâm Thông tin - Thư viện Trường Đại học Đà Lạt 
933 # # |a XH 
994 # # |a DLU 
900 # # |a True 
911 # # |a Hoàng Thị Huyền 
925 # # |a G 
926 # # |a A 
927 # # |a BB 
980 # # |a Thư viện Trường Đại học Đà Lạt